000 01121nmc a2200337 a 4500
003 AR-BaBNM
005 20251128211446.0
008 274020s[200 ||||||||||||||000 | spa||
040 _cAR-BaBNM
100 1 _aTellechea, María Antonia
245 1 0 _aMatemática
_bárea de las ciencias naturales y exactas : 3º ciclo
_n3
260 _aBuenos Aires
_bGendarmería Nacional
_c[2000]
300 _a113 p.
_bgráfs.
490 0 _aBachiller a distancia para adultos
500 _aLas autorías han sido tomados del dorso de portada
521 _aSECUNDARIO
650 4 _aEDUCACION DE ADULTOS
650 4 _aMATEMATICA
650 4 _aTRIGONOMETRIA
650 4 _aFUNCIONES [MATEMATICA]
653 _aEDUCACION A DISTANCIA
653 _aEDUCACION SECUNDARIA
653 _aBACHILLER
653 _aOPERACIONES MATEMATICAS
700 _aMuga, María Alejandra
_ecoordinador
710 1 _aUniversidad Nacional de Catamarca
_bFacultad de Humanidades
710 1 _aArgentina
_bGendarmería
_bCentro de Educación a Distancia
710 1 _aFundación Centinela [Buenos Aires]
942 _cBK
998 _calexandra
999 _c19758
_d19758